000 01022cam a22003017a 4500
003 CHAP
005 20220329135534.0
008 971013s1971 r 00010 d
010 _a38209
011 _a39181
035 _a43301
040 _cCHAP
082 _a972
_bP38
100 0 0 _aPaulín, Georgina.
_986280
245 0 _aMonolingües y bilingües en la población de México en 1960
260 _aMéxico :
_bUniversidad Nacional Autónoma de México. Instituto de Investigaciones Sociales,
_c1971
300 _a253 p.
_b: mapas
590 _aBATCH-UPD
_b10
_c20130109
_lUCH01
_h2147
590 _aBATCH-UPD
_b10
_c20130110
_lUCH01
_h0850
590 _aBATCH-UPD
_b10
_c20130409
_lUCH01
_h1821
590 _aBATCH-UPD
_b10
_c20130410
_lUCH01
_h0522
590 _aBATCH-UPD
_b10
_c20130914
_lUCH01
_h1632
590 _aCONVERSION
_b10
_c20130109
_lUCH01
_h1321
650 1 4 _aIndios de México
_xLenguas.
_957631
901 _aBK
942 _cLIBRO
949 _a972 P38
_bBC
_cLIBRO
_d33724000282315
_eLIBRO
_h47948
_i43301
_mD
_si
999 _c38209
_d38209